00657nam a2200169 a 450000100100000000500170001000800410002704000250006824500230009326000850011630000210020150000420022271000530026471000470031795201060036499900170047000003634920200930075701.0120113s1981 cu 000 0 spa d aDO-SdBNPbspacBNPHU00aAnales del caribe. aLa Habana, Cuba :bCentro de Estudios del Caribe, Casa de las Américas,c1981. a321 p. ;c24 cm. aIncluye notas al pie de las páginas1 aCentro de Estudios del Caribc(La Habana)9625231 aCasa de las Américasc(La Habana)962524 0010507-18MOaGRbGRcOId2012-01-13iLF1l0o p36350-10r2020-06-25w2020-06-25y1ZNo se presta c35840d35840